000 00679nam a22001937a 4500
003 OSt
005 20251106060344.0
008 251106b |||||||| |||| 00| 0 eng d
020 _a978-621-427-087-3
040 _aDWCL-Main lib
_cOC
082 _aFil. 658.562 M382t 2021
100 _aMatt Martin
245 _aTotal quality management for tourism and hospitality/
_cMartin Matt
260 _aManila, Philippines :
_bUnlimited books library & publishing,
_cc2021.
300 _axvi, 388 pages :
_b illustrations ;
_c25cm
504 _aIncludes bibliographical references
650 _a1. Total quality management-- hospitality industry
942 _2ddc
_cBK-FIL
_kFil.
_n0
999 _c5585
_d5585